Singapore's Unique Monetary Policy : How Does it Work? /

The Monetary Authority of Singapore, instead of relying on short-term interest rates or monetary aggregates as its monetary policy instrument, conducts policy by managing the trade-weighted exchange rate index (TWI). This paper investigates how this operating procedure actually works. For empirical...

Mô tả đầy đủ

Chi tiết về thư mục
Tác giả chính: Parrado, Eric
Định dạng: Tạp chí
Ngôn ngữ:English
Được phát hành: Washington, D.C. : International Monetary Fund, 2004.
Loạt:IMF Working Papers; Working Paper ; No. 2004/010
Truy cập trực tuyến:Full text available on IMF
LEADER 02161cas a2200241 a 4500
001 AALejournalIMF008556
008 230101c9999 xx r poo 0 0eng d
020 |c 5.00 USD 
020 |z 9781451842722 
022 |a 1018-5941 
040 |a BD-DhAAL  |c BD-DhAAL 
100 1 |a Parrado, Eric. 
245 1 0 |a Singapore's Unique Monetary Policy :   |b How Does it Work? /  |c Eric Parrado. 
264 1 |a Washington, D.C. :  |b International Monetary Fund,  |c 2004. 
300 |a 1 online resource (22 pages) 
490 1 |a IMF Working Papers 
500 |a <strong>Off-Campus Access:</strong> No User ID or Password Required 
500 |a <strong>On-Campus Access:</strong> No User ID or Password Required 
506 |a Electronic access restricted to authorized BRAC University faculty, staff and students 
520 3 |a The Monetary Authority of Singapore, instead of relying on short-term interest rates or monetary aggregates as its monetary policy instrument, conducts policy by managing the trade-weighted exchange rate index (TWI). This paper investigates how this operating procedure actually works. For empirical purposes, it assumes the authorities follow a reaction function that aims the TWI at stabilizing expected inflation and maintaining output at potential. A partial adjustment mechanism is included to dampen the actual changes in the exchange rate. The estimates confirm that the major focus of monetary policy in Singapore is controlling inflation. The estimated changes in the TWI track the actual change relatively well, and the estimated parameters are as expected. Accordingly, they support the hypothesis that monetary policy in Singapore can be described by a forward-looking policy rule that reacts to both inflation and output volatility. The results suggest that Singapore's monetary policy has mainly reacted to large deviations in the target variables, which is consistent with monetary policy's medium-term orientation. 
538 |a Mode of access: Internet 
830 0 |a IMF Working Papers; Working Paper ;  |v No. 2004/010 
856 4 0 |z Full text available on IMF  |u http://elibrary.imf.org/view/journals/001/2004/010/001.2004.issue-010-en.xml  |z IMF e-Library